| 000 | 00975nam a2200277 i 4500 | ||
|---|---|---|---|
| 001 | 186320 | ||
| 003 | SpMaBN | ||
| 005 | 20251012195251.0 | ||
| 008 | 161024s2002 sp |||| | spa d | ||
| 020 | _a84-8307-423-0 | ||
| 080 | _a316.6"17/19" | ||
| 100 | 1 |
_aSennett, Richard. _9105473 |
|
| 245 | 1 | 3 |
_aEl declive del hombre público / _cRichard Sennett ; traducción de Gerardo Di Masso. |
| 250 | _a1ª ed. en esta colección. | ||
| 260 |
_aBarcelona : _bPenínsula, _c2002. |
||
| 300 |
_a761 p. ; _c18 cm. |
||
| 490 | 1 |
_aEdiciones de bolsillo ; _v67/1 |
|
| 505 | 8 |
_aContiene: ; _tYo acuso / _rÉmile Zola( _gp. 743-761) |
|
| 650 | 0 | 7 |
_aIndividuo y sociedad. _9178816 |
| 650 | 0 | 7 |
_aInteracción social. _913869 |
| 700 | 1 | 2 |
_aZola, Émile, _d1840-1902 _9118331 |
| 700 | 1 |
_aMasso, Gerardo di, _d1949- _9151566 |
|
| 830 | 0 |
_aEdiciones de bolsillo ; _v67/1 _9180756 |
|
| 852 |
_aES-MaACL _jL-30678 _z. - Donat. Miguel A. Velasco |
||
| 999 |
_c186320 _d186320 |
||